Πολιτικές της Ευρωπαϊκής Ένωσης για τη δια βίου μάθηση : (η πορεία - οι θεσμοί - οι εφαρμογές)

Αποθηκεύτηκε σε:
Λεπτομέρειες βιβλιογραφικής εγγραφής
Κύριος συγγραφέας: Σιπητάνου, Αθηνά Αλ
Μορφή: Βιβλίο
Γλώσσα:Greek
Δημοσίευση: Θεσσαλονίκη : Εκδόσεις Πανεπιστημίου Μακεδονίας, 2014.
Θέματα:
Ετικέτες: Προσθήκη ετικέτας
Δεν υπάρχουν, Καταχωρήστε ετικέτα πρώτοι!

MARC

LEADER 00000nam a2200000 a 4500
001 1/116362
008 180502s2014####gr | ||| |||| ||gre||
020 |a 9789608396883 
040 |a GR-MyUa  |b gre  |c GR-MyUa  |e AACR2 
041 0 |a gre 
082 7 |a 374.94   |2 (23) 
100 1 |a Σιπητάνου, Αθηνά Αλ. 
245 1 0 |a Πολιτικές της Ευρωπαϊκής Ένωσης για τη δια βίου μάθηση :   |b (η πορεία - οι θεσμοί - οι εφαρμογές) /   |c Αθηνά Α. Σιπητάνου.  
260 |a Θεσσαλονίκη :   |b Εκδόσεις Πανεπιστημίου Μακεδονίας,   |c 2014.  
300 |a xx, 330 σ. ;   |c 24 εκ.  
504 |a Βιβλιογραφία: σ. [307]-322 
650 0 |a Adult education and state. 
650 0 |a Continuing education. 
650 0 |a Adult education  |z Europe  |x Cross-cultural studies  |x History. 
651 0 |a European Union countries. 
852 |a INST  |b RHODES  |c EUDOXUS  |e 20180502  |h 374.94 ΣΙΠ  |p 005400039949  |q 005400039949  |t EDX  |y 0 
920 |a Εύδοξος  |b Παραγγελία  |y Ρόδος-ΤΜΣ  |z 2018-04